000 00551nam a22001937a 4500
003 BD-DhJNU
005 20250320045234.0
008 250320b |||||||| |||| 00| 0 eng d
040 _aBD-DhJNU
_bENG
_cBD-DhJNU
_dBD-DhJNU
082 _223
_a155.5
100 _aHurlock, Elizabeth B.
245 _aAdolescent Development /
_cElizabeth B. Hurlock
250 _a2nd ed.
260 _aNew York :
_bMcGraw-Hill Book Company,
_c1955.
300 _axiii, 590 p. :
_bill. ;
_c21 cm.
504 _aincludes index
650 _aDevelopment
942 _2ddc
_cBK
_n0
999 _c1518
_d1518